| 000 | 00411 a2200157 4500 | ||
|---|---|---|---|
| 005 | 20250629093954.0 | ||
| 020 | _a0-07-365645-3 | ||
| 082 | _a658.8 MAR. | ||
| 111 | _aMARKETING. | ||
| 245 | _aMarketing, | ||
| 250 | _a6th Ed. | ||
| 260 |
_aNew York, _bMc Graw Hill Irwin Education, _c2000. |
||
| 300 |
_axxxi.; 714p.; Ill.; picture _bGlossary, & Index, _c27cm. |
||
| 700 | _aBERKOWITZ, N. E. | ||
| 942 |
_2ddc _cBKS |
||
| 999 |
_c6233 _d6233 |
||